<?xml version="1.0" encoding="UTF-8"?>
<record
    xmlns:xsi="http://www.w3.org/2001/XMLSchema-instance"
    xsi:schemaLocation="http://www.loc.gov/MARC21/slim http://www.loc.gov/standards/marcxml/schema/MARC21slim.xsd"
    xmlns="http://www.loc.gov/MARC21/slim">

  <leader>01193cam a2200289 a 4500</leader>
  <controlfield tag="001">15325664</controlfield>
  <controlfield tag="003">IT-MiSPE</controlfield>
  <controlfield tag="005">20220226155950.0</controlfield>
  <controlfield tag="008">080611s2008    nyuaf    b    001 0 eng  </controlfield>
  <datafield tag="020" ind1=" " ind2=" ">
    <subfield code="a">9788881129355</subfield>
    <subfield code="c">19.50 EUR</subfield>
  </datafield>
  <datafield tag="040" ind1=" " ind2=" ">
    <subfield code="a">IT-MiSPE</subfield>
    <subfield code="c">IT-MiSPE</subfield>
    <subfield code="d">IT-MiSPE</subfield>
    <subfield code="b">ita</subfield>
  </datafield>
  <datafield tag="041" ind1="1" ind2=" ">
    <subfield code="a">ita</subfield>
    <subfield code="h">spa</subfield>
  </datafield>
  <datafield tag="043" ind1=" " ind2=" ">
    <subfield code="a">e-vc---</subfield>
  </datafield>
  <datafield tag="082" ind1="0" ind2="0">
    <subfield code="a">327.1-FRA er en (fa 23241)</subfield>
  </datafield>
  <datafield tag="100" ind1="1" ind2=" ">
    <subfield code="a">Frattini, Eric.</subfield>
    <subfield code="d">1963-,</subfield>
    <subfield code="e">autore</subfield>
    <subfield code="9">57690</subfield>
  </datafield>
  <datafield tag="240" ind1=" " ind2=" ">
    <subfield code="a">La Santa Alianza. Cinco siglos de espionaje vaticano</subfield>
    <subfield code="l">spa</subfield>
  </datafield>
  <datafield tag="245" ind1="1" ind2="4">
    <subfield code="a">L'entit&#xE0; :</subfield>
    <subfield code="b">La clamorosa scoperta del servizio segreto Vaticano: intrighi, omicidi, complotti degli ultimi cinquecento anni /</subfield>
    <subfield code="c">Eric Frattini ; traduzione di Simona Noce</subfield>
  </datafield>
  <datafield tag="260" ind1=" " ind2=" ">
    <subfield code="a">Roma :</subfield>
    <subfield code="b">Fazi Editore,</subfield>
    <subfield code="c">2008.</subfield>
  </datafield>
  <datafield tag="300" ind1=" " ind2=" ">
    <subfield code="a">x, 524 p. :</subfield>
    <subfield code="b">ill. ;</subfield>
    <subfield code="c">20 cm.</subfield>
  </datafield>
  <datafield tag="490" ind1=" " ind2=" ">
    <subfield code="a">Le terre</subfield>
    <subfield code="v">175</subfield>
  </datafield>
  <datafield tag="500" ind1=" " ind2=" ">
    <subfield code="a">Prima pubblicazione in Spagna, edito da Espasa Calpe con il titolo "La Santa Alianza".</subfield>
  </datafield>
  <datafield tag="504" ind1=" " ind2=" ">
    <subfield code="a">Include bibliografia (p. [487]-503) e indici.</subfield>
  </datafield>
  <datafield tag="650" ind1=" " ind2="0">
    <subfield code="a">Servizi di intelligenza. Spionaggio.</subfield>
    <subfield code="z">Citt&#xE0; del Vaticano.</subfield>
    <subfield code="x">Storia.</subfield>
    <subfield code="y">1566-2005</subfield>
    <subfield code="9">57692</subfield>
  </datafield>
  <datafield tag="700" ind1="1" ind2=" ">
    <subfield code="a">Noce, Simona</subfield>
    <subfield code="e">tr.</subfield>
    <subfield code="9">57693</subfield>
  </datafield>
  <datafield tag="700" ind1="1" ind2=" ">
    <subfield code="a">Frattini, Eric.</subfield>
    <subfield code="t">Santa Alianza.</subfield>
    <subfield code="d">1963-,</subfield>
    <subfield code="9">57694</subfield>
  </datafield>
  <datafield tag="942" ind1=" " ind2=" ">
    <subfield code="2">ddc</subfield>
    <subfield code="c">BK</subfield>
  </datafield>
  <datafield tag="999" ind1=" " ind2=" ">
    <subfield code="c">358170</subfield>
    <subfield code="d">358170</subfield>
  </datafield>
  <datafield tag="952" ind1=" " ind2=" ">
    <subfield code="0">0</subfield>
    <subfield code="1">0</subfield>
    <subfield code="2">ddc</subfield>
    <subfield code="4">0</subfield>
    <subfield code="6">327_000000000000000_1FRA_ER_EN_FA_23241</subfield>
    <subfield code="7">1</subfield>
    <subfield code="a">CINISELLO</subfield>
    <subfield code="b">CINISELLO</subfield>
    <subfield code="d">2019-03-26</subfield>
    <subfield code="l">0</subfield>
    <subfield code="o">327.1-FRA er en (fa 23241)</subfield>
    <subfield code="p">9788881129355</subfield>
    <subfield code="r">2019-03-26 00:00:00</subfield>
    <subfield code="w">2019-03-26</subfield>
    <subfield code="y">BK</subfield>
  </datafield>
</record>
